| 000 | 00795nam a2200217 i 4500 | ||
|---|---|---|---|
| 001 | 189689 | ||
| 003 | ES-MaACL | ||
| 005 | 20251116063117.0 | ||
| 007 | t| | ||
| 008 | 190905s1942 sp ||||1| spa d | ||
| 100 | 1 |
_aKirschner, Martin, _d1879-1942 _968140 |
|
| 245 | 1 | 0 |
_aOperaciones en la cavidad abdominal / _cpor el Prof. Martin Kirschner ; traducción del alemán por el Dr. Emilio Ardévol. |
| 260 |
_aBarcelona : _bLabor, _c1942. |
||
| 300 |
_aX, 604 p. : il. col. y n. ; _c25 cm. |
||
| 490 | 1 |
_aTratado de técnica operatoria general y especial ; _v5 |
|
| 650 | 4 |
_aAbdomen- _xCirugía. _9146902 |
|
| 700 | 0 |
_aArdevol, Emilio. _922537 |
|
| 830 | 0 |
_aTratado de técnica operatoria general y especial ; _v5 _9193382 |
|
| 852 |
_aES-MaACL _jP-764-7 |
||
| 999 |
_c189689 _d189689 |
||